00420nam a2200133Ia 4500001000400000008004100004082001700045100006300062245009200125260001800217590000700235901002900242999001500271950241024s9999 xx 000 0 und d aRD/374/R426d aRepública Dominicana.Secretaria de Estado de Educación 0aDesafios de la educación de personas Jóvenes y Adultas en la República Dominicana bSanto Domingo asi a13/12/2010 12:35:12 p.m. c8449d8449